000 00288nam a22001337a 4500
008 171123b xxu||||| |||| 00| 0 eng d
020 _a0442224346
041 _aeng
080 _a72
100 _a42
101 _aARK
245 _aCOMPUTER ARCHITECTURE
_cFOSTER.C.C
942 _2udc
_cBK
999 _c38371
_d38371